| 000 | 00750nam a2200217 i 4500 | ||
|---|---|---|---|
| 001 | 140958 | ||
| 003 | ES-MaACL | ||
| 005 | 20250831023625.0 | ||
| 007 | t| | ||
| 008 | 070918s1967 sp ||||1| spa d | ||
| 100 | 1 |
_aWert, Charles A. _9116517 |
|
| 245 | 1 | 0 |
_aFísica de los sólidos / _cCharles A. Wert, Robb M. Thomson ; traducción y adaptación Ricardo Anca Abati, Francisco Aguilar Bartolomé. |
| 260 |
_aMadrid : _bCastillo, _c[1967] |
||
| 300 |
_a464 p. : _bil. ; _c24 cm. |
||
| 650 | 7 |
_aFísica del estado sólido _2embne _9161238 |
|
| 700 | 1 |
_aThomson, Robb M. _9110119 |
|
| 700 | 1 |
_aAnca Abati, Ricardo. _921390 |
|
| 700 | 1 |
_aAguilar Bartolomé, Francisco. _918712 |
|
| 852 |
_aES-MaACL _jC-32260 _bR.62441 |
||
| 999 |
_c140958 _d140958 |
||